000 00478nam a22001457a 4500
080 _a343.4 IN 3
245 _aInforma anual de la Comision Interamericana de Derechos Humanos 1987 1988
260 _aWashington
_bSecretaria general. Organizacion de Estados Americanos
300 _a376 P:
650 _xderechos humanos
650 _xCorte Interamericana de Derechos Humanos
650 _xComision Interamericana de Derechos Humanos
945 _acd
_d2015-11-09
999 _c4225
_d234729
942 _6_